00954nam a2200241Ia 450000500170000000800410001702000180005804100080007608200150008410000300009924500610012925000120019026000520020230000090025450000280026365000280029170000300031990600080034994200070035799900170036495201730038195201580055420230228152611.0230125s9999 xx 000 0 und d a9789352137466 aeng a006.3bBHA aBhattacharjee A D9118217 aArtificial intelligence And Soft Computing For Beginners a3rd Ed. c2018bShroff publisher and distributorsaMumbai a519p aArtificial Intelligence aArtificial Intelligence aBhattacharjee A D9118217 b203 cBK c96228d96228 00104070aHIMRbHIMRd2020-01-07eForward Booksg725.00i11164l3m1o006.3 BHA B19484pHIMR-BK-19484r2023-10-13 00:00:00s2023-10-09v522.00w2023-01-25yBKzB19484 00104070aHIMRbHIMRd2020-01-07eForward Booksg725.00i11164l0o006.3 BHA B19485pHIMR-BK-19485r2023-01-25 00:00:00v522.00w2023-01-25yBKzB19485